[Event "ICS rated blitz match"]
[Site "204.178.125.65"]
[Date "1999.09.23"]
[Round "?"]
[White "MissSilicon"]
[Black "Hossa"]
[Result "1-0"]
[WhiteElo "2621"]
[BlackElo "2379"]
[PlyCount "80"]
[EventDate "1999.??.??"]

1. d4 Nf6 2. c4 g6 3. Nc3 Bg7 4. e4 d6 5. Nf3 O-O 6. Be2 e5 7. O-O Nc6 8. d5
Ne7 9. Bd2 a5 10. Be3 c6 11. Qb3 Nd7 12. dxc6 Nxc6 13. Rfd1 Qf6 14. Qc2 Nc5 15.
Nb5 Nb4 16. Qb1 Ne6 17. Rxd6 Qe7 18. Qd1 f5 19. exf5 Rxf5 20. c5 Nf4 21. Bc4+
Kh8 22. Rd8+ Rf8 23. Rxf8+ Qxf8 24. Nd6 Be6 25. Bxe6 Nxe6 26. Qb3 Nd4 27. Bxd4
exd4 28. Nf7+ Kg8 29. Nd6+ Kh8 30. Ng5 Bf6 31. Ndf7+ Kg8 32. Ne5+ Nd5 33. Nd7
Qe7 34. Nxf6+ Kh8 35. Qxd5 h6 36. Nge4 Rd8 37. Nd6 Rf8 38. Ng4 d3 39. Nxh6 Kh7
40. Nhf7 40... d2 {Hossa resigns} 1-0

[Event "ICS rated blitz match"]
[Site "204.178.125.65"]
[Date "1999.10.07"]
[Round "?"]
[White "MissSilicon"]
[Black "Hossa"]
[Result "1-0"]
[WhiteElo "2706"]
[BlackElo "2492"]
[PlyCount "114"]
[EventDate "1999.??.??"]

1. e4 d5 2. exd5 Qxd5 3. Nc3 Qa5 4. d4 Nf6 5. Nf3 c6 6. Bd2 Bg4 7. Be2 Qb6 8.
Bc1 e6 9. O-O Bd6 10. Ne5 Bxe2 11. Nxe2 Bxe5 12. dxe5 Ng4 13. Qd6 Na6 14. Bg5
Qc7 15. Nc3 Nxe5 16. Ne4 Ng6 17. Rad1 h6 18. Qxc7 Nxc7 19. Nd6+ Kf8 20. Bc1 b5
21. Nxf7 Kxf7 22. Rd7+ Kf6 23. Rxc7 Rhc8 24. Rd7 Ne5 25. Rd4 Rd8 26. Re4 Rd5
27. Rfe1 Re8 28. b3 Ng6 29. c4 Rd7 30. Bb2+ Kf7 31. a4 bxa4 32. bxa4 Rb8 33.
Bc3 Rd3 34. Bd4 a5 35. h4 Rb4 36. h5 Ne7 37. Rf4+ Nf5 38. Bc5 Rxa4 39. g4 Kg8
40. gxf5 exf5 41. Rxf5 Kh7 42. Re4 Ra1+ 43. Kg2 Rdd1 44. Bd4 Rg1+ 45. Kf3 Ra3+
46. Be3 Rg5 47. Rxg5 hxg5 48. Re6 a4 49. Rxc6 Rc3 50. Kg4 a3 51. Rc7 Rd3 52.
Kxg5 Rd1 53. Ra7 Rg1+ 54. Kf5 Rf1 55. c5 Rh1 56. h6 a2 57. Rxa2 57... gxh6 {
Hossa resigns} 1-0

[Event "ICS rated blitz match"]
[Site "204.178.125.65"]
[Date "1999.09.17"]
[Round "?"]
[White "Moron"]
[Black "Hossa"]
[Result "1-0"]
[WhiteElo "2680"]
[BlackElo "2427"]
[PlyCount "53"]
[EventDate "1999.??.??"]

1. d4 d5 2. Nc3 Bf5 3. f3 e6 4. e4 Bg6 5. exd5 exd5 6. Qe2+ Ne7 7. Bf4 Nbc6 8.
O-O-O a6 9. g3 Nb4 10. Rd2 c5 11. dxc5 d4 12. Ne4 Bxe4 13. Qxe4 Nxa2+ 14. Kb1
Nb4 15. Rxd4 Nbd5 16. Bc4 Nc3+ 17. bxc3 Qc8 18. Nh3 h6 19. Re1 g6 20. Bg5 Rh7
21. Bxe7 Qc6 22. Bd6+ Qxe4 23. Rexe4+ Kd7 24. Bxf8+ Kc7 25. Bd6+ Kd7 26. Bf4+
Kc6 27. Rd6+ {Hossa resigns} 1-0

[Event "ICS rated blitz match"]
[Site "204.178.125.65"]
[Date "1999.09.13"]
[Round "?"]
[White "MrVK"]
[Black "Hossa"]
[Result "0-1"]
[WhiteElo "2195"]
[BlackElo "2419"]
[PlyCount "104"]
[EventDate "1999.??.??"]

1. d4 Nf6 2. f4 e6 3. e3 c5 4. c3 Nc6 5. Nf3 d5 6. Bd3 Bd6 7. Ne5 cxd4 8. exd4
O-O 9. O-O Ne8 10. Rf3 f6 11. Bxh7+ Kxh7 12. Rh3+ Kg8 13. Ng6 Bd7 14. Qh5 e5
15. f5 Qc8 16. Qh7+ Kf7 17. Nxf8 Bxf5 18. Qh5+ Kxf8 19. Rf3 Nxd4 20. cxd4 Qxc1+
21. Rf1 Qxb2 22. Qxf5 Qxd4+ 23. Kh1 Qxa1 24. Nd2 Qxa2 25. Nf3 Qc4 26. Rg1 Qe4
27. Qd7 Bc7 28. Re1 Qd3 29. Qh3 Bb6 30. Qh8+ Kf7 31. Qh5+ Kg8 32. h3 Bf2 33.
Rc1 Nd6 34. Qg4 Nf5 35. Kh2 Qe4 36. Qxe4 dxe4 37. Nd2 Be3 38. Rc2 Nd4 39. Ra2
Bxd2 40. Rxd2 e3 41. Rd1 Nc2 42. Rc1 e2 43. Kg3 e1=Q+ 44. Rxe1 Nxe1 45. Kf2 a5
46. Kxe1 Rd8 47. Ke2 a4 48. Ke3 a3 49. Ke4 a2 50. Kf5 Kf7 51. h4 Rd4 52. g4
52... g6# {MrVK checkmated} 0-1

[Event "ICS rated blitz match"]
[Site "204.178.125.65"]
[Date "1999.09.30"]
[Round "?"]
[White "MrZ"]
[Black "Hossa"]
[Result "1-0"]
[WhiteElo "2407"]
[BlackElo "2486"]
[PlyCount "77"]
[EventDate "1999.??.??"]

1. d4 Nf6 2. c4 e6 3. Nc3 Bb4 4. f3 c5 5. d5 Nh5 6. g3 O-O 7. e4 exd5 8. cxd5
d6 9. Bg2 f5 10. f4 Qe8 11. Qe2 fxe4 12. Bxe4 Bg4 13. Qe3 Nf6 14. Bg2 Qg6 15.
Kf1 Re8 16. Qd2 Ne4 17. Bxe4 Rxe4 18. h3 Bh5 19. g4 Bxc3 20. bxc3 Bxg4 21. hxg4
Qxg4 22. Nh3 Re8 23. Qd3 h6 24. Nf2 Qd7 25. Qg6 Qb5+ 26. Kg2 c4 27. Rh5 Re2 28.
Kf1 Qe8 29. Rxh6 Re1+ 30. Kg2 Qe7 31. Rh7 Re2 32. Ba3 Rxf2+ 33. Kxf2 Qf6 34.
Rxg7+ Qxg7 35. Qe8+ Qf8 36. Rg1+ Kh7 37. Qg6+ Kh8 38. Rh1+ Qh6 39. Rxh6# {
Hossa checkmated} 1-0

[Event "ICS rated blitz match"]
[Site "204.178.125.65"]
[Date "1999.09.29"]
[Round "?"]
[White "MrZ"]
[Black "Hossa"]
[Result "1-0"]
[WhiteElo "2356"]
[BlackElo "2460"]
[Annotator "Fritz 5.32 (29s)"]
[PlyCount "143"]
[EventDate "1999.??.??"]

1. d4 Nf6 2. c4 e6 3. Nf3 b6 4. g3 Ba6 5. b3 Bb4+ 6. Bd2 Be7 7. Bg2 d5 8. O-O
$146 (8. cxd5 exd5 9. Nc3 O-O 10. Ne5 Bb7 11. O-O Na6 12. Qc2 h6 13. Rfd1 Re8
14. Bf4 Bf8 15. Qf5 Bc8 16. Qd3 Bb7 17. Qf5 Bc8 18. Qd3 18... Bb7 {
- Horvath,J-Farago,I/HUN-ch 1992/CBM 34 (18)}) (8. Nc3 c6 9. O-O O-O 10. Bf4
Nbd7 11. cxd5 cxd5 12. a4 Bb4 13. Nb5 Ne4 14. Rc1 Rc8 15. Bc7 Qe8 16. Nxa7 Ra8
17. Nc6 Nc3 18. Rxc3 Bxc3 19. Bd6 Nf6 20. Nb4 Bxb4 21. Bxb4 Qb8 22. Bxf8 Qxf8
23. Qd2 Qa3 24. Rb1 Ne4 25. Qb2 Qxb2 26. Rxb2 Rc8 27. Bf1 Rc1 28. Kg2 g5 29.
Nd2 Nxd2 30. Rxd2 Rb1 31. a5 {- Unzicker,W-Vaganian,R/Germany 1998/GER-chT (31)
}) (8. Bc3 Nbd7 (8... O-O 9. O-O Nbd7 10. Ne5 Bb7 11. Bb2 c5 12. Nd2 cxd4 13.
Bxd4 Nxe5 14. Bxe5 Qd7 15. Rc1 Rac8 16. cxd5 Bxd5 17. Bxd5 Qxd5 18. Nf3 Qb7 19.
Qd2 Rxc1 20. Rxc1 Rc8 21. Rxc8+ Qxc8 22. Bb2 Nd7 23. Ne5 Nxe5 24. Bxe5 {
- Salov,V-Novikov,I/Jurmala 1983/MCL (24)}) 9. Nbd2 Rc8 10. O-O O-O 11. Rc1 c5
12. Re1 cxd4 13. Bxd4 Bb4 14. a3 Bxd2 15. Nxd2 dxc4 16. Nxc4 Bxc4 17. bxc4 Nc5
18. Rc2 Qe7 19. Qb1 Rfd8 20. Qb2 Rd7 21. Bf3 Rcd8 22. Be3 22... Rc7 {
Gauglitz,G-Gruenberg,H/Fuerstenwalde 1981/MCD/0-1 (32)}) 8... dxc4 9. bxc4 Bxc4
10. Nc3 Bd5 11. Nxd5 exd5 12. Qa4+ c6 13. Ne5 O-O 14. Nxc6 Nxc6 15. Qxc6 Re8
16. Qb5 Rc8 17. Qd3 Ne4 18. Be3 Bg5 19. f4 Rc3 20. fxg5 Rxd3 21. exd3 Nxg3 22.
Rfe1 Nf5 23. Bf2 Ne7 24. Rac1 f6 25. gxf6 gxf6 26. Bg3 Kf8 27. Bh3 f5 28. Rc7
b5 29. Re6 Kg8 30. Kh1 Kf7 31. Ra6 b4 32. Bxf5 Kg8 33. Be6+ Kg7 34. Rd7 Qxd7
35. Bxd7 Ra8 36. Be5+ Kf8 37. Bd6 Kf7 38. Bxe7 Kxe7 39. Bc6 Rd8 40. Rxa7+ Kd6
41. Ba4 Rh8 42. Rd7+ Ke6 43. Rb7 h5 44. Rxb4 Rf8 45. Bb3 Rf5 46. a4 Kd6 47. Kg2
(47. Rb5 {und Weiss haette es noch leichter} 47... Rf3 $18) 47... Kc7 (47...
Rf4 {nuetzt auch nichts mehr} 48. a5 $18) 48. a5 Kc6 49. Rb6+ Kc7 50. Rb5 Kd6 (
50... Rf6 $18 {haette noch versucht werden koennen}) 51. a6 Rf8 52. a7 Rg8+ 53.
Kh3 {Mit der Mattdrohung Rb8} 53... Re8 54. Ra5 (54. Rb8 Re3+ 55. Kg2 Ke7 56.
Rb7+ Kf6 57. a8=Q Re7 58. Qf8+ Kg6 59. Rxe7 h4 60. Rg7+ Kh5 61. Qh8#) 54...
Re3+ 55. Kh4 {Droht Matt} 55... Re2 56. a8=Q Rxh2+ 57. Kg5 Rg2+ 58. Kxh5 (58.
Kh6 Rg6+ 59. Kxg6 Kc7 60. Ra7+ Kd6 61. Qxd5#) 58... Rh2+ 59. Kg6 Rg2+ 60. Kf7
Rf2+ 61. Ke8 Re2+ 62. Kf7 $11 (62. Kd8 Re8+ 63. Kxe8 Ke6 64. Qxd5+ Kf6 65. Qf7#
) 62... Rf2+ 63. Kg6 $11 (63. Kg7 Rg2+ 64. Kf6 Rf2+ 65. Kg5 Kd7 66. Qb7+ Ke6
67. Ra6#) 63... Rg2+ 64. Kh5 $11 (64. Kf5 Rf2+ 65. Kg4 Rg2+ 66. Kf3 Rf2+ 67.
Kxf2 Ke7 68. Qxd5 Ke8 69. Ra8+ Ke7 70. Qe6#) 64... Rh2+ 65. Kg4 Rg2+ 66. Kf3
Rf2+ 67. Kxf2 Ke6 (67... Ke7 {waere gleichermassen fruchtlos} 68. Qxd5 Ke8 69.
Ra8+ Ke7 70. Qe6#) 68. Ra6+ Ke7 (68... Kf5 {hilft auch nicht mehr} 69. Qg8 Kf4
70. Rf6#) 69. Qc6 (69. Qb7+ Kd8 70. Ra8#) 69... Kf7 (69... Kd8 {
holt die Kuh nicht vom Eis} 70. Ba4 Ke7 71. Qf6#) 70. Qf6+ (70. Ra7+ Kf8 71.
Qc8#) 70... Kg8 71. Bxd5+ Kh7 72. Qh6# (72. Ra7#) 1-0

[Event "ICS rated blitz match"]
[Site "204.178.125.65"]
[Date "1999.10.13"]
[Round "?"]
[White "MrZ"]
[Black "Hossa"]
[Result "1-0"]
[WhiteElo "2388"]
[BlackElo "2420"]
[PlyCount "97"]
[EventDate "1999.??.??"]

1. d4 d5 2. Nf3 Nf6 3. c4 e6 4. Bg5 dxc4 5. Nc3 c6 6. e4 Qb6 7. Qc2 Qa6 8.
O-O-O Nfd7 9. g4 Bd6 10. Bh4 O-O 11. Bg3 Bb4 12. a3 Be7 13. Bg2 b5 14. h4 b4
15. axb4 Bxb4 16. h5 f5 17. gxf5 exf5 18. Kb1 fxe4 19. Nxe4 Nb6 20. Bd6 Bxd6
21. Nxd6 Rf6 22. Ne4 Rf4 23. Nd6 Bg4 24. Ng5 Bxd1 25. Qxh7+ Kf8 26. Ne6+ Ke7
27. Nxf4 Kxd6 28. Qg6+ Kc7 29. Ne6+ Kc8 30. Qe8+ Kb7 31. Nc5+ Kc7 32. Nxa6+
Nxa6 33. Qxc6+ Kd8 34. Qd6+ Kc8 35. Qf8+ Kc7 36. Qxg7+ Kd8 37. Rxd1 Rb8 38. Re1
Nd7 39. Re7 Rxb2+ 40. Kxb2 Nab8 41. Kc3 a5 42. Kxc4 a4 43. h6 a3 44. h7 Kc7 45.
h8=Q Nc6 46. Rxd7+ Kb6 47. Rb7+ Ka5 48. Qa8+ Na7 49. Qxa7# {Hossa checkmated}
1-0

[Event "ICS rated blitz match"]
[Site "204.178.125.65"]
[Date "1999.08.28"]
[Round "?"]
[White "NETAO"]
[Black "Hossa"]
[Result "0-1"]
[WhiteElo "2186"]
[BlackElo "2511"]
[Annotator "Steffen A. Jakob"]
[PlyCount "40"]
[EventDate "1999.??.??"]

1. e4 e5 2. f4 exf4 3. Bc4 Qh4+ 4. Kf1 4... f5 $146 ({RR} 4... c6 5. d4 Ne7 6.
Nf3 Qh5 7. Bxf4 d5 8. exd5 Nxd5 9. Bxd5 cxd5 10. Nc3 Qf5 11. Qe2+ Kd8 12. Re1
Be6 13. Bg5+ Kc8 14. Qd2 Nc6 15. Ke2 Bd6 16. Kd1 h6 17. Be3 Rd8 18. Kc1 g5 19.
Rhf1 {Nordstrom,F-Carlhammar,M/Rilton Cup 1988/CBM 11/1-0 (31)}) ({RR} 4... Nf6
5. Nf3 Qh5 6. Nc3 c6 ({RR} 6... d5 7. exd5 Bd6 8. Qe2+ Kd8 9. d3 Re8 10. Qf2 g5
11. Bd2 Nbd7 12. Re1 Rxe1+ 13. Kxe1 Ne5 14. Nxe5 Bxe5 15. d4 Ng4 16. Qg1 Qh4+
17. Kf1 Ne3+ 18. Bxe3 fxe3 19. Qxe3 Bxd4 20. Qg3 Bf5 21. Bd3 {
Heinemann,T-Stern,R/BL9394 1994/BL 90/1/2-1/2 (55)}) 7. Qe2 Bb4 8. e5 Ng4 9.
Ne4 O-O 10. c3 Be7 11. d4 Kh8 12. Bxf4 Na6 13. Re1 Nh6 14. h3 Nc7 15. Bd3 Ne6
16. Ng3 Nxf4 17. Qd2 Nxd3 18. Nxh5 Nxe1 19. Kxe1 {
Westerinen,H-Hebden,M/London NWYM 1988/CBM 09/1-0 (36)}) ({RR} 4... Nc6 5. Nf3
Qh5 6. d4 g5 7. Nc3 d6 8. Nd5 Kd8 9. h4 Bg4 10. c3 f6 11. Kf2 Qe8 12. Qa4 Bxf3
13. gxf3 Bg7 14. Bb5 Nge7 15. Nb4 Qf7 16. Nxc6+ bxc6 17. Bc4 d5 18. Bd3 Qe6 19.
Bd2 {Foerster,S-Karassek,J/OLO-B 1995/GER 11/1-0 (58)}) ({RR} 4... Ne7 5. Nf3
Qh5 6. Nc3 d6 7. d4 g5 8. e5 d5 9. Bxd5 Bh6 10. Bc4 Bf5 11. Qe2 g4 12. Nd2 Nbc6
13. d5 Nxe5 14. Bb5+ Kf8 15. Nc4 Nxc4 16. Qxc4 a6 17. Qa4 17... Rd8 {
0-1 Volzhin,A-Varavin,V/URS-sf Voronez 1991/EXP 22 (17)}) 5. Nf3 Qd8 6. e5 (6.
Ne5 Nh6 7. Qh5+ g6 8. Nxg6 hxg6 9. Qxg6+ Ke7 10. Nc3 c6 11. d4 d5 12. exd5 $18)
6... Nh6 7. d4 g5 8. h4 g4 9. Bxf4 gxf3 10. Qxf3 Ng4 11. Bg5 Be7 12. Nc3 Bxg5
13. hxg5 Nc6 14. Rd1 Qxg5 15. Ke2 Ngxe5 16. dxe5 Nxe5 17. Qh3 Nxc4 18. Nd5 Kd8
19. Rd4 Re8+ 20. Kd1 20... Nxb2# {NETAO checkmated} 0-1

[Event "ICS rated blitz match"]
[Site "204.178.125.65"]
[Date "1999.09.13"]
[Round "?"]
[White "NETAO"]
[Black "Hossa"]
[Result "0-1"]
[WhiteElo "2023"]
[BlackElo "2390"]
[PlyCount "84"]
[EventDate "1999.??.??"]

1. e4 e6 2. d4 d5 3. e5 c5 4. c3 Nc6 5. Ne2 b6 6. Nd2 Ba6 7. Nf3 Nge7 8. Bg5
Rc8 9. Qa4 Bc4 10. Nd2 Bd3 11. Ng3 b5 12. Qd1 Bxf1 13. Ngxf1 cxd4 14. Nf3 dxc3
15. bxc3 Qc7 16. Ne3 Nxe5 17. O-O Nxf3+ 18. Qxf3 Qxc3 19. Rfe1 d4 20. Rac1 Qxc1
21. Rxc1 Rxc1+ 22. Nf1 Rc3 23. Qb7 f6 24. Bd2 Rc2 25. Qxb5+ Kf7 26. Qb3 Rc7 27.
f4 g6 28. g4 Bg7 29. Ng3 f5 30. h4 fxg4 31. Ne4 Bf6 32. Ng5+ Bxg5 33. fxg5 Nf5
34. Bf4 Re7 35. Be5 Rc8 36. Bf6 Rec7 37. h5 Rc1+ 38. Kf2 R8c2+ 39. Qxc2 Rxc2+
40. Ke1 d3 41. h6 Ne3 42. a4 42... Re2# {NETAO checkmated} 0-1

[Event "ICS rated blitz match"]
[Site "204.178.125.65"]
[Date "1999.08.30"]
[Round "?"]
[White "Naughty-Wood"]
[Black "Hossa"]
[Result "1-0"]
[WhiteElo "2258"]
[BlackElo "2513"]
[PlyCount "103"]
[EventDate "1999.??.??"]

1. e4 c5 2. Nc3 Nc6 3. f4 e6 4. Nf3 d5 5. Bb5 Nge7 6. O-O a6 7. Bxc6+ Nxc6 8.
d3 Be7 9. b3 O-O 10. Bb2 d4 11. Ne2 b6 12. g4 f6 13. Ng3 e5 14. f5 Bb7 15. h4
Bd6 16. Kg2 a5 17. a4 Qe7 18. Bc1 Rad8 19. Bd2 Qf7 20. Qe2 Nb4 21. Rac1 Rb8 22.
g5 Qd7 23. Nh2 fxg5 24. hxg5 Kh8 25. Qh5 Qf7 26. g6 Qg8 27. Ng4 Na2 28. Rb1 Nb4
29. Rb2 Ba6 30. Rh1 Bxd3 31. Bxb4 Bxc2 32. Rxc2 axb4 33. Qg5 Be7 34. Qxe7 Rbe8
35. Qh4 b5 36. Qxh7+ Qxh7 37. Rxh7+ Kg8 38. Kf3 Rf6 39. Rch2 Kf8 40. Nxf6 Re6
41. fxe6 Ke7 42. Nd5+ Kd6 43. axb5 c4 44. bxc4 Kxe6 45. b6 Kd6 46. Nf5+ Kc5 47.
Rxg7 Kxc4 48. b7 Kc5 49. Rc7+ Kb5 50. b8=Q+ Ka5 51. Qxb4+ Ka6 52. Qb6# {
Hossa checkmated} 1-0

[Event "ICS rated blitz match"]
[Site "204.178.125.65"]
[Date "1999.09.08"]
[Round "?"]
[White "Nicy"]
[Black "Hossa"]
[Result "0-1"]
[WhiteElo "2146"]
[BlackElo "2486"]
[PlyCount "114"]
[EventDate "1999.??.??"]

1. d4 Nf6 2. Bg5 Ne4 3. Bf4 e6 4. Nd2 Nxd2 5. Qxd2 d5 6. c3 Bd6 7. Bxd6 cxd6 8.
Nf3 O-O 9. e3 Nc6 10. Bd3 e5 11. dxe5 dxe5 12. e4 d4 13. O-O Bg4 14. Be2 f5 15.
exf5 Rxf5 16. Rad1 Bxf3 17. Bxf3 Rb8 18. Bxc6 bxc6 19. cxd4 exd4 20. b3 c5 21.
Qd3 Qd5 22. f3 Re5 23. Rfe1 Rbe8 24. Rxe5 Rxe5 25. Kf2 Re3 26. Qd2 Qe6 27. Re1
Rxe1 28. Qxe1 Qxe1+ 29. Kxe1 Kf7 30. Ke2 Ke6 31. Kd3 Kd5 32. a3 g6 33. f4 h5
34. g3 Ke6 35. Ke4 a6 36. b4 Kd6 37. bxc5+ Kxc5 38. Kd3 a5 39. a4 Kb4 40. Kxd4
Kxa4 41. Kc4 Ka3 42. Kc3 a4 43. h3 Ka2 44. Kc2 Ka3 45. Kc3 Ka2 46. Kc2 Ka3 47.
Kb1 Kb3 48. g4 Kc4 49. Ka2 Kd5 50. Ka3 h4 51. Kxa4 Ke4 52. f5 gxf5 53. gxf5
Kxf5 54. Kb3 Kf4 55. Kc3 Kg3 56. Kd3 Kxh3 57. Ke2 57... Kg2 {Nicy resigns} 0-1

[Event "ICS rated blitz match"]
[Site "204.178.125.65"]
[Date "1999.09.02"]
[Round "?"]
[White "Nicy"]
[Black "Hossa"]
[Result "0-1"]
[WhiteElo "2209"]
[BlackElo "2501"]
[PlyCount "66"]
[EventDate "1999.??.??"]

1. d4 d5 2. Bg5 Nd7 3. Nf3 f6 4. Bh4 e6 5. e3 Bd6 6. Bd3 Ne7 7. Nbd2 e5 8. dxe5
Nxe5 9. Be2 N7g6 10. Bg3 O-O 11. O-O Nxf3+ 12. Bxf3 Bxg3 13. hxg3 Ne5 14. Nb3
c6 15. c3 Nc4 16. Qc2 Re8 17. Nd4 c5 18. Nb3 b6 19. Rad1 Bb7 20. Nd2 Ne5 21.
Rfe1 Qd7 22. Be2 Rad8 23. Nf3 Qe6 24. Rd2 Rd7 25. Red1 Rde7 26. Qb3 Qf7 27.
Nxe5 fxe5 28. Bf3 e4 29. Be2 Rf8 30. Bb5 Re6 31. Re1 a6 32. Bf1 Rf6 33. Ree2
33... Qh5 {Nicy resigns} 0-1

[Event "ICS rated blitz match"]
[Site "204.178.125.65"]
[Date "1999.09.02"]
[Round "?"]
[White "Nicy"]
[Black "Hossa"]
[Result "0-1"]
[WhiteElo "2219"]
[BlackElo "2542"]
[PlyCount "48"]
[EventDate "1999.??.??"]

1. d4 Nf6 2. Bg5 Ne4 3. Bf4 e6 4. Nd2 Nxd2 5. Qxd2 d5 6. e3 Be7 7. Bd3 c5 8. c3
Nc6 9. Nf3 cxd4 10. exd4 O-O 11. O-O Kh8 12. Ne5 Bd6 13. Rae1 Bb8 14. Qe3 Bxe5
15. Bxe5 Nxe5 16. Qxe5 h6 17. Re3 a5 18. Rh3 f6 19. Qe3 Qc7 20. f4 e5 21. fxe5
Bxh3 22. Qxh3 fxe5 23. dxe5 Rxf1+ 24. Kxf1 24... Rf8+ {Nicy resigns} 0-1

[Event "ICS rated blitz match"]
[Site "204.178.125.65"]
[Date "1999.09.08"]
[Round "?"]
[White "Nicy"]
[Black "Hossa"]
[Result "1/2-1/2"]
[WhiteElo "2101"]
[BlackElo "2504"]
[PlyCount "70"]
[EventDate "1999.??.??"]

1. d4 d5 2. Bg5 Nd7 3. Nf3 f6 4. Bh4 e6 5. e3 Bd6 6. Bd3 Ne7 7. O-O e5 8. dxe5
Nxe5 9. Be2 Nxf3+ 10. Bxf3 Be5 11. c3 Nf5 12. Bg3 Nxg3 13. hxg3 Be6 14. Nd2 O-O
15. Nb3 c6 16. Nd4 Qe7 17. Qd2 Bf7 18. Rfe1 Rfe8 19. Re2 c5 20. Nb3 Rad8 21.
Rd1 b6 22. Qc1 a5 23. Red2 Qb7 24. c4 a4 25. Na1 a3 26. b3 Bb2 27. Qc2 Re5 28.
cxd5 Rd6 29. Qc4 Qe7 30. Nc2 Qd7 31. Ne1 Bg6 32. Be2 Be4 33. Bf3 Bg6 34. Be2
Be4 35. Bf3 35... Bg6 {Game drawn by repetition} 1/2-1/2

[Event "ICS rated blitz match"]
[Site "204.178.125.65"]
[Date "1999.09.03"]
[Round "?"]
[White "Nicy"]
[Black "Hossa"]
[Result "0-1"]
[WhiteElo "2192"]
[BlackElo "2507"]
[PlyCount "52"]
[EventDate "1999.??.??"]

1. d4 Nf6 2. Bg5 Ne4 3. Bf4 e6 4. f3 Bb4+ 5. c3 Bd6 6. Bxd6 Nxd6 7. e4 O-O 8.
Bd3 Qg5 9. Qd2 Qh4+ 10. Qf2 Qxf2+ 11. Kxf2 Nc6 12. Ne2 e5 13. Nd2 f5 14. exf5
Nxf5 15. Bxf5 Rxf5 16. Ng3 Rf7 17. d5 Ne7 18. c4 b5 19. b3 a5 20. Nge4 d6 21.
Rhc1 Bd7 22. cxb5 Nxd5 23. a4 Bf5 24. Rc4 Raf8 25. Ke2 Nf4+ 26. Kf2 26... d5 {
Nicy resigns} 0-1

[Event "ICS rated blitz match"]
[Site "204.178.125.65"]
[Date "1999.09.08"]
[Round "?"]
[White "Nicy"]
[Black "Hossa"]
[Result "1/2-1/2"]
[WhiteElo "2116"]
[BlackElo "2465"]
[PlyCount "110"]
[EventDate "1999.??.??"]

1. d4 Nf6 2. Bg5 Ne4 3. Bf4 e6 4. Nd2 Nxd2 5. Qxd2 d5 6. e3 Be7 7. Bd3 c5 8. c3
Nc6 9. Nf3 cxd4 10. exd4 O-O 11. O-O Kh8 12. Rae1 Bd7 13. Ne5 Nxe5 14. Bxe5 f6
15. Bg3 Qe8 16. f4 Bd6 17. Re2 Qh5 18. Rfe1 Rae8 19. Re3 Qh6 20. R3e2 b5 21. a3
a5 22. h3 a4 23. Bh2 Kg8 24. Rf2 Qh4 25. Be2 Re7 26. Bg4 Rfe8 27. Rfe2 Qh6 28.
Qe3 Qg6 29. Qd2 Qf7 30. Qe3 Rc8 31. Qf3 Ree8 32. f5 Bxh2+ 33. Kxh2 exf5 34.
Bxf5 Rxe2 35. Rxe2 Re8 36. Bxd7 Rxe2 37. Qxe2 Qxd7 38. g3 g6 39. Kg2 h5 40. Qe3
Kf7 41. Qh6 Qf5 42. Qh7+ Ke6 43. Qg8+ Ke7 44. Qg7+ Kd6 45. Qf8+ Kd7 46. Qf7+
Kc6 47. Qe8+ Kb6 48. Qd8+ Kb7 49. Qe7+ Ka6 50. Qd6+ Ka5 51. Qc7+ Ka6 52. Qc6+
Ka5 53. Qc7+ Ka6 54. Qc6+ Ka5 55. Qc7+ 55... Ka6 {Game drawn by repetition}
1/2-1/2

[Event "ICS rated blitz match"]
[Site "204.178.125.65"]
[Date "1999.08.31"]
[Round "?"]
[White "Nicy"]
[Black "Hossa"]
[Result "0-1"]
[WhiteElo "2210"]
[BlackElo "2554"]
[PlyCount "75"]
[EventDate "1999.??.??"]

1. d4 f5 2. Bg5 h6 3. Bh4 g5 4. Bg3 Nf6 5. e3 d6 6. Nf3 Bg7 7. c3 Ne4 8. Nbd2
Nxg3 9. hxg3 Nc6 10. Bc4 e5 11. Qb3 Qe7 12. O-O-O e4 13. Ne1 Qd7 14. Nc2 Na5
15. Qb5 Nxc4 16. Qxd7+ Bxd7 17. Nxc4 h5 18. Rh2 Bf6 19. Rdh1 Be6 20. b3 Bf7 21.
Nd2 Rg8 22. Kd1 c5 23. Ke2 O-O-O 24. Rc1 b6 25. Rhh1 d5 26. Rhd1 Kc7 27. Rh1 a5
28. Rb1 Kc6 29. Ra1 b5 30. Rab1 Bg6 31. a3 Rc8 32. Rhc1 Rh8 33. Rh1 Kb6 34. Ra1
cxd4 35. Nxd4 Rxc3 36. Rac1 Bxd4 37. exd4 Rd3 38. Rc2 {Nicy resigns} 0-1

[Event "ICS rated blitz match"]
[Site "204.178.125.65"]
[Date "1999.09.08"]
[Round "?"]
[White "Nicy"]
[Black "Hossa"]
[Result "0-1"]
[WhiteElo "2137"]
[BlackElo "2495"]
[PlyCount "44"]
[EventDate "1999.??.??"]

1. d4 Nf6 2. Bg5 Ne4 3. Bf4 e6 4. Nd2 Nxd2 5. Qxd2 d5 6. e3 Be7 7. Bd3 c5 8. c3
Nc6 9. Nf3 cxd4 10. exd4 O-O 11. O-O Kh8 12. Rae1 Bd7 13. Ne5 Nxe5 14. Bxe5 f6
15. Bg3 Qe8 16. Re2 Qh5 17. Rfe1 Rfc8 18. Re3 Kg8 19. Be2 Qg6 20. Qd1 Qf7 21.
Bg4 f5 22. Bf3 22... f4 {Nicy resigns} 0-1

[Event "ICS rated blitz match"]
[Site "204.178.125.65"]
[Date "1999.08.31"]
[Round "?"]
[White "Nicy"]
[Black "Hossa"]
[Result "0-1"]
[WhiteElo "2239"]
[BlackElo "2542"]
[PlyCount "218"]
[EventDate "1999.??.??"]

1. d4 Nf6 2. Bg5 Ne4 3. Bf4 e6 4. f3 Bb4+ 5. c3 Bd6 6. Bxd6 Nxd6 7. e4 O-O 8.
Bd3 Qg5 9. Qd2 Qh4+ 10. g3 Qd8 11. f4 b6 12. Qe2 c5 13. Nf3 c4 14. Bc2 Bb7 15.
Nbd2 f6 16. h3 b5 17. g4 Nc6 18. a3 Nf7 19. h4 e5 20. d5 Ne7 21. f5 d6 22. Kf2
Qb6+ 23. Qe3 Qxe3+ 24. Kxe3 Rad8 25. Rh2 a5 26. Rg1 a4 27. Rg3 Nc8 28. Ne1 Nb6
29. Bd1 Nd7 30. Nc2 Nc5 31. Nb4 Rfe8 32. Bc2 Rd7 33. Nf3 Rc7 34. Rhh3 Rce7 35.
Rh2 Kh8 36. Rhh3 Rd7 37. Rh2 Nh6 38. Rhh3 Ng8 39. Rh2 Ne7 40. Rhh3 Kg8 41. Rh2
Rdd8 42. Rhh3 Rb8 43. Rh2 Rbc8 44. Rhh3 Rf8 45. Rh2 Ra8 46. Rhh3 Rad8 47. Rh2
Nc8 48. Rhh3 Rf7 49. Rh2 Re8 50. Rhh3 Nb6 51. Rh2 Ree7 52. Rhh3 Rd7 53. Rh2 Rf8
54. Rhh3 Re8 55. Rh2 Rc8 56. Rhh3 Re7 57. Rh2 Rf8 58. Rhh3 Rfe8 59. Rh2 Rd7 60.
Rhh3 Rdd8 61. Rh2 Kh8 62. Rhh3 Nbd7 63. Rh2 Rg8 64. Rhh3 g6 65. Bd1 Rg7 66. Bc2
Rdg8 67. Kf2 gxf5 68. gxf5 Rg4 69. Rxg4 Rxg4 70. Ke3 Na6 71. Nxa6 Bxa6 72. Rh2
Bb7 73. Kf2 Nc5 74. Ke3 h5 75. Rf2 Kh7 76. Rh2 Kh6 77. Rf2 Rg3 78. Rh2 Bc8 79.
Rf2 Bd7 80. Rh2 Rg8 81. Rf2 Rg7 82. Rh2 Rg4 83. Rf2 Kh7 84. Rh2 Rg8 85. Rf2 Rg7
86. Rh2 Kh8 87. Rf2 Rg4 88. Rh2 Rg3 89. Rf2 Kh7 90. Rh2 Be8 91. Rf2 Bf7 92. Rh2
Kh8 93. Rf2 Rg4 94. Rh2 Kh7 95. Rf2 Kh6 96. Rh2 Rg8 97. Rf2 Kh7 98. Rh2 Kh8 99.
Rf2 Rg7 100. Rh2 Kg8 101. Rf2 Rg4 102. Rh2 Kg7 103. Rf2 Rg3 104. Rh2 Nd3 105.
Rf2 Nxf2 106. Kxf2 Rg4 107. Bd3 cxd3 108. Ke3 Rf4 109. Kxd3 109... Rxf3+ {
Nicy resigns} 0-1

[Event "ICS rated blitz match"]
[Site "204.178.125.65"]
[Date "1999.09.02"]
[Round "?"]
[White "Nicy"]
[Black "Hossa"]
[Result "1/2-1/2"]
[WhiteElo "2212"]
[BlackElo "2542"]
[PlyCount "72"]
[EventDate "1999.??.??"]

1. d4 Nf6 2. Bg5 Ne4 3. Bf4 e6 4. Nd2 Nxd2 5. Qxd2 d5 6. e3 Be7 7. c3 O-O 8.
Bd3 c5 9. Nf3 cxd4 10. exd4 Nd7 11. O-O Re8 12. Rae1 Bf6 13. Ne5 Bxe5 14. Bxe5
Nxe5 15. Rxe5 Bd7 16. f4 Rc8 17. f5 f6 18. Ree1 e5 19. dxe5 Qb6+ 20. Kh1 Rxe5
21. Rxe5 fxe5 22. f6 gxf6 23. Qh6 e4 24. Rxf6 Qd8 25. Be2 Rc6 26. Rxc6 bxc6 27.
Qd6 Qg5 28. h3 Qc1+ 29. Kh2 Qxb2 30. Qxd7 Qxe2 31. Qe8+ Kg7 32. Qd7+ Kf8 33.
Qd8+ Kf7 34. Qd7+ Kf8 35. Qd8+ Kf7 36. Qd7+ 36... Kf8 {Game drawn by repetition
} 1/2-1/2